Statistics for Watch sponsorship

Click here to take the quiz!

General Stats

  • This quiz has been taken 8 times
  • The average score is 6 of 15

Answer Stats

HintAnswer% Correct
Official F1 timekeeperRolex
100%
Ferrari F1Hublot
88%
Red bull F1Tag heuer
75%
Haas/mclaren F1Richard Mille
63%
MotogpTissot
63%
Mercedes F1IWC
50%
French openLongines
38%
Renault F1Bell and ross
25%
Air race world series official timekeeperBreitling
25%
Williams F1Oris
25%
Gt Series Endurance cupBlancpain
13%
Jaguar carsBremont
13%
35th America'a cupPanerai
13%
Artemis racingUlysees Nardin
0%
Land rover carsZenith
0%

Score Distribution

Percentile by Number Answered

Percent of People with Each Score

Your Score History

You have not taken this quiz